000 00542nam a2200181Ia 4500
003 GCL
008 140319s9999 xx 000 0 eng d
040 _aGCL /
_cGCL
082 0 4 _a809.933
_bW O
100 1 _aWOJCIEHOWSKI, DOLORA A.
245 1 0 _aOLD MASTERS NEW SUBJECTS: EARLY MODERN AND THEORIES OF WILL /
_cWOJCIEHOWSKI, DOLORA A.
260 _a[S.N] :
_bSTANFORD UNIVERSITY PRESS ،
_c1995
300 _a260 P
650 0 4 _aRELIGION - LITERATURE
650 0 4 _aEUROPEAN LITERATURE
650 0 4 _aWILL IN LITERATURE
942 _2ddc
_cBK
999 _c24594
_d24594